Making civil rights law : Thurgood Marshall and the Supreme Court, 1936-1961 (Record no. 274097)

MARC details
000 -LEADER
fixed length control field 00580nam a2200193Ia 4500
008 - FIXED-LENGTH DATA ELEMENTS--GENERAL INFORMATION
fixed length control field 191130s1994##################000#0#eng##
020 ## - INTERNATIONAL STANDARD BOOK NUMBER
ISBN 9780195104684
082 ## - DEWEY DECIMAL CLASSIFICATION NUMBER
Classification number 342.7308509 TUS
100 ## - MAIN ENTRY--AUTHOR NAME
Personal name Tushnet, Mark V
245 ## - TITLE STATEMENT
Title Making civil rights law : Thurgood Marshall and the Supreme Court, 1936-1961
Statement of responsibility, etc Mark V. Tushnet
260 ## - PUBLICATION, DISTRIBUTION, ETC. (IMPRINT)
Place of publication Oxford
Name of publisher Oxford University Press
Year of publication C1994
300 ## - PHYSICAL DESCRIPTION
Number of Pages xii, 399 p
500 ## - GENERAL NOTE
General note Includes index
650 ## - SUBJECT ADDED ENTRY--TOPICAL TERM
Topical Term Civil rights law
991 ## -
-- 283800
Holdings
Withdrawn status Lost status Damaged status Not for loan Home library Current library Date acquired Full call number Accession Number Price effective from Koha item type
        Anna Centenary Library Anna Centenary Library 13.10.2020 342.7308509 TUS 200057 13.10.2020 English Books

Find us on the map